The boundaries of monotheism (Record no. 42251)
[ view plain ]
| 000 -LEADER | |
|---|---|
| fixed length control field | 02445nam a2200361 a 4500 |
| 082 04 - DEWEY DECIMAL CLASSIFICATION NUMBER | |
| Classification number | 201/.4 |
| 245 04 - TITLE STATEMENT | |
| Title | The boundaries of monotheism |
| 260 ## - PUBLICATION, DISTRIBUTION, ETC. (IMPRINT) | |
| Place of publication | Leiden ; |
| -- | Boston : |
| Name of publisher | Brill, |
| Year of publication | 2009. |
| 300 ## - PHYSICAL DESCRIPTION | |
| Number of Pages | vi, 247 p. |
| 490 1# - SERIES STATEMENT | |
| Series statement | Studies in theology and religion, |
| 505 0# - FORMATTED CONTENTS NOTE | |
| Formatted contents note | A unique instability? : exploring the boundaries of monotheism : introduction / Anne-Marie Korte -- The boundaries of Israelite monotheism / Bob Becking -- The Divine Messiah : early Jewish monotheism and the New Testament / Patrick Chatelion Counet -- Monotheistic to a certain extent : the "good neighbours" of God in Ireland / Jacqueline Borsje -- The return of the gods : the clash between monotheism and polytheism in German romanticism / Bert Blans & Marcel Poorthuis -- The unity of God / Ren�e Munnik -- The whole of life : beyond the boundaries of monotheism? / Maaike de Haardt -- One unique God for all parts of life : reconsidering an exclusive tradition / Kune Biezeveld -- Dialogical theology as an answer to the aporias of monotheism / Akke van der Kooi -- God judging "in the midst of the gods" (Psalm 82:1) : confessing to one God after cultural monotheism / Erik Borgman -- The boundaries and gifts of monotheism : epilogue / Anne-Marie Korte. |
| 650 #0 - SUBJECT ADDED ENTRY--TOPICAL TERM | |
| Topical Term | Monotheism. |
| 700 1# - ADDED ENTRY--PERSONAL NAME | |
| Personal name | Korte, Anne-Marie, |
| Personal name | Haardt, Maaike de, |
| 856 40 - ELECTRONIC LOCATION AND ACCESS | |
| Uniform Resource Identifier | http://site.ebrary.com/lib/rucke/Doc?id=10349143 |
No items available.
